Science Quiz

Random Science or Clickable Quiz

Defense Mechanisms Quiz Stats

 Plays Quiz not verified by Sporcle

Challenge
Share
Tweet
Embed
Score 0/21 Timer 18:00
87 Plays Today
% Correct
Humor
71%
Denial
65.5%
“Schizoid” (or “autistic”) fantasy
62.7%
Regression
62.3%
Rationalization
57.3%
Compensation
54.1%
Displacement
52.3%
Intellectualization
49.6%
Repression
45.9%
Projection
45.5%
Splitting
44.6%
% Correct
Introjection
43.9%
Reaction formation
42.3%
Somatization
41.5%
Altruism
41.1%
Narcissism
40.7%
Dissociation
40.2%
Compartmentalization
39.8%
Acting Out
39.7%
Sublimation
38.7%
Suppression
37.7%

You're not logged in!

Compare scores with friends on all Sporcle quizzes.
OR
Log In

You Might Also Like...

Show Comments

Extras

Top Quizzes Today


Score Distribution

Your Account Isn't Verified!

In order to create a playlist on Sporcle, you need to verify the email address you used during registration. Go to your Sporcle Settings to finish the process.

Report this User

Report this user for behavior that violates our Community Guidelines.

Details: